| 000 | 02097cam a22001814a 4500 | ||
|---|---|---|---|
| 005 | 20250605164344.0 | ||
| 008 | 250528s ||||||||||||||||||||||||d | ||
| 035 | _a23782 | ||
| 040 |
_aGR-AtMCL _bgre _dGR-AtMCL _eAACR2 |
||
| 245 | 1 | _aΠροϊόντα χωρίς Γλουτένη | |
| 260 | _c2017 | ||
| 300 | _a44 | ||
| 520 | _aΕισαγωγή, Τι Είναι η Γλουτένη, Που Βρίσκουμε τη Γλουτένη, Ποιοι Πρέπει να την Αποφεύγουν, Προβλήματα, Κοιλοκάκη, Η Αποχή από τη Γλουτένη, Η Ζωή χωρίς Γλουτένη, Γιατί μια Δίαιτα χωρίς Γλουτένη μπορεί να Επιφέρει Θετικά Αποτελέσματα, Θα Μπορούσα μιά Διάιτα χωρίς Γλουένη να Βοηθήσει άτομα με Αυτισμό, Gluten-Free Επιχειρήσεις στην Ελλάδα, Κανονισμός της Ευρωπαϊκής Επιτροπής, Επαγγελματικοί Στόχοι και Στόχοι Ζωής, Επιχειρηματικό Πρόβλημα, Συντάγες, Κείκ με Μπανάνα χωρίς Γλουτένη, Ψωμάκια με Μπανάνα χωρίς Γλουτένη, Ρόφημα Ρυζιού, Φλογέρες με Φέτα και Κίτρινο Τυρί Χωρίς Γλουτένη, Κοτόπουλο Cordon Blue χωρίς Γλουτένη, Brownies χωρίς Γλουτένη με Γιαούρτι, Συμπεράσματα, Αποτελέσματα Συνταγών, Κέικ με Μπανάνα χωρίς Γλουτένη, Ψωμάκια με Μπανάνα χωρίς Γλουτένη, Ρόφημα Ρυζιού, Φλογέρες με Φέτα και Κίτρινο Τυρί χωρίς Γλουτένη, Κοτόπουλου Cordon Blue χωρίς Γλουτένη, Brownies χωρίς Γλουτένη με Γιαούρτι, Το Συμπέρασμα, Πηγές και Βιβλιογραφία. | ||
| 700 | 1 |
_aRasimi Sibela _99314 |
|
| 942 | _cDS | ||
| 999 |
_c8719 _d8719 |
||